000 00285nam a2200109Ia 4500
008 200302s9999 xx 000 0 und d
100 _aRobert L. Mott, P. E.
245 _aApplied Strength of Materials 5th ed.,
260 _bPhi Learning Pvt., Ltd.,
260 _c2009
300 _a776 P.,
999 _c2841
_d2841